000 00566nam a2200217Ia 4500
003 OSt
005 20220918191908.0
006 a|||||r|||| 00| 0
007 ta
008 220917b |||||||| |||| 00| 0 eng d
024 _a65,735
037 _cTextual
040 _aARTS
_cARTS
_beng
041 _2eng
_aeng
082 _aR211, N1
100 _aLycan William G ed
_977572
245 0 _aMind and cognition
_b a reader
260 _aOxford
_bBlackwell
_c1990
942 _hR211, N1
_cTEXL
_2CC
999 _c191972
_d191972